Význam lokalizácie pre maloobchodníka s potravinami v kontexte rozvoja maloobchodnej siete diplomová práca

Salvato in:
Dettagli Bibliografici
Autore principale: Košárek, Peter
Ente Autore: Obchodná fakulta EU. Katedra marketingu
Altri autori: Francová, Zuzana, 1971-
Natura: Libro
Lingua:slovacco
Pubblicazione: Bratislava 2023
Tags: Aggiungi Tag
Nessun Tag, puoi essere il primo ad aggiungerne!!

MARC

LEADER 00000nbm a2200000 4500
001 0293886
005 20231219142434.4
041 0 |a slo 
044 |a SK 
245 1 0 |a Význam lokalizácie pre maloobchodníka s potravinami v kontexte rozvoja maloobchodnej siete  |b diplomová práca  |c Peter Košárek ; školiteľ: Zuzana Francová 
264 1 |a Bratislava  |c 2023 
300 |a 58 s. 
100 1 |a Košárek, Peter 
700 1 |a Francová, Zuzana, 1971- 
710 2 |a Obchodná fakulta EU. Katedra marketingu